000
00211nam a2200109Ia 4500
100
_a
#N/A
650
_a
General
942
_c
BK
245
_a
INDIA TODAY
260
_b
LIVING MEDIA
_a
New Delhi
546
_a
ENGLISH
999
_c
20187
_d
20187